Central Library OPAC University of Rajshahi

দীনবন্ধু মিত্র : নীলদর্পণ / (Record no. 38557)

MARC details
000 -LEADER
fixed length control field 01176cam a22003011i 4500
001 - CONTROL NUMBER
control field 38557
003 - CONTROL NUMBER IDENTIFIER
rucl marc code BD-RjUL
005 - DATE AND TIME OF LATEST TRANSACTION
control field 20211209052821.0
008 - FIXED-LENGTH DATA ELEMENTS--GENERAL INFORMATION
fixed length control field 151230s1975 xx b 000 0 beno
035 ## - SYSTEM CONTROL NUMBER
System control number (BD-RjUL)38662
System control number (OCoLC)20450084
040 ## - CATALOGING SOURCE
Original cataloging agency DLC
Transcribing agency WaU
Modifying agency DLC
Language of cataloging ben
041 ## - LANGUAGE CODE
Language code of text/sound track or separate title ben
082 04 - DEWEY DECIMAL CLASSIFICATION NUMBER
Edition number 22
Classification number 891.442
Author mark and year MID 1975
100 1# - MAIN ENTRY--PERSONAL NAME
Personal name মিত্র, দীনবন্ধু
Dates associated with a name 1829-1874.
9 (RLIN) 119008
245 10 - TITLE STATEMENT
Title দীনবন্ধু মিত্র : নীলদর্পণ /
Statement of responsibility, etc. দীনবন্ধু মিত্র ; সম্পাদক খোন্দকার সিরাজুল হক
250 ## - EDITION STATEMENT
Edition statement ১ম সং
260 ## - PUBLICATION, DISTRIBUTION, ETC. (IMPRINT)
Place of publication, distribution, etc. কলিকাতা :
Name of publisher, distributor, etc. ইন্ডিয়া ইন্টা.,
Date of publication, distribution, etc. ১৯৭৫
300 ## - PHYSICAL DESCRIPTION
Pagination ১৬৪ পৃ ;
Size ২২ সেমি.
500 ## - GENERAL NOTE
General note Cover title: Dīnabandhu Mitrera Nīla Darpaṇa.
General note In Bengali.
504 ## - BIBLIOGRAPHY, ETC. NOTE
Bibliography, etc Bibliography: p. [161]-164.
650 ## - SUBJECT ADDED ENTRY--TOPICAL TERM
Topical term or geographic name as entry element Bengali Drama.
9 (RLIN) 168046
Topical term or geographic name as entry element বাংলা নাটক
9 (RLIN) 168047
700 1# - ADDED ENTRY--PERSONAL NAME
Personal name হক, খোন্দকার সিরাজুল
942 ## - ADDED ENTRY ELEMENTS (KOHA)
Source of classification or shelving scheme Dewey Decimal Classification
Koha item type Books
Holdings
Lost status Source of classification or shelving scheme Damaged status Not for loan Collection code Permanent Location Current Location Shelving location Date acquired Source of acquisition Total Checkouts Full call number Date last seen Date checked out Copy number Koha item type Cost, normal purchase price
  Dewey Decimal Classification     Non-fiction Central Library, University of Rajshahi Central Library, University of Rajshahi   05/10/1976 Uttorbanga Library : Rajshahi 2 B 891.442 MID 1975 15/05/2024 05/05/2024 C-3 Books  
  Dewey Decimal Classification     Non-fiction Central Library, University of Rajshahi Central Library, University of Rajshahi   05/10/1976 Uttorbanga Library : Rajshahi 7 B 891.442 MID 1975 02/06/2024 19/05/2024 C-2 Books 14.00